00986nam a2200205 a 450000100100000000500170001000800410002704000250006808200150009310000470010824500470015524600240020226000870022630000220031374000240033504900090035995201950036895202000056399900170076300003216420200930063502.0110713s1942 dr 000 p spa d aDO-SdBNPbspacBNPHU axxxbM843u1 aMoreno Jimenes, Domingo,d1894-198691953410aUn radio del espíritu /cMoreno Jimenes.34aEvangelio americano aSantiago de los Caballeros, República Domincana :bLibrería Dominicana,c1942. a[26] p. ;c16 cm.02aEvangelio americano aBNPD 001050718RVaPDbPDcCTd2011-07-13iLF1l0oxxx M843up32164-10r2020-06-25w2020-06-25y1zPerteneció a la biblioteca personal de Martínez Boog. Dedicado por el autor.ZNo se presta 001050718RVaPDbPDcCTd2011-07-13iLF1l0oxxx M843up32164-20r2020-06-25te.2w2020-06-25y1zPerteneció a la biblioteca personal de Martínez Boog. Dedicado por el autor.ZNo se presta c31655d31655